00344 a2200133 4500003000400000005001700004008004100021040000900062082001500071100002700086245004700113260004000160300001000200OSt20240823111444.0231019b |||||||| |||| 00| 0 eng d coclc a297bQAY/P aJawziyya, Ibnul Qayyim aPRAVACHAKA VAIDYAM /cIbnul Qayyim jawziya aTirurangadi:bAshrafi Books,c2013. a448 p